| 000 | 00467nam a2200181Ia 4500 | ||
|---|---|---|---|
| 008 | 230524s9999 xx 000 0 und d | ||
| 020 | _a9788131513996 | ||
| 082 | _bSHE | ||
| 100 |
_aLiang Chi Shen _942806 |
||
| 245 | 0 | _aEngineering Electromagnetics | |
| 250 | _a1 | ||
| 260 |
_aNew Delhi _bCengage _c2011 |
||
| 300 | _a"VII,522p;" | ||
| 500 | _aQuantity Number: 1 | ||
| 650 | _aElectrical | ||
| 700 |
_a"Jin Au Kong , Amalendu Patnaik" _942807 |
||
| 942 | _cBK | ||
| 999 |
_c57782 _d57782 |
||